| 000 | 00543nam a2200193 a 4500 | ||
|---|---|---|---|
| 005 | 20210219153032.0 | ||
| 008 | 991125n 000 0 spa u | ||
| 035 | _aUPN01000073872 | ||
| 100 | 1 |
_aAlvarez Barret, Luis, _d1901-1981 |
|
| 222 | _aCOMUNICACION EDUCATIVA | ||
| 245 | _aLa educación indígena en México : también los indios son valiosos | ||
| 300 | _a5 | ||
| 362 | 0 | _a1981 Año 2, no. 8, jun. | |
| 653 | 0 | _aCOMUNIDAD RURAL | |
| 653 | 0 | _aEDUCACION INDIGENA | |
| 653 | 0 | _aMEXICO | |
| 904 |
_aAC _b011683 |
||
| 905 | _aArticulo | ||
| 999 |
_c66631 _d66631 |
||